Регионална библиотека "Любен Каравелов" - Русе

Младежките националноосвободителни организации на македонските българи 1919-1941 (Запис номер 181714)

MARC детайли
000 -Лидер
Контролно поле с фиксирана дължина 01518nam a2200313 c 4500
003 - Код на организацията, давaща контролен номер
Контролно поле BLK
005 - Дата и час на последна редакция
Контролно поле 20180422115157.0
008 - Елементи от данни с фиксирана дължина
fixed length control field 180411b bul|||||r ||||||| ||bul||
010 ## - Наследен системен номер
LC control number KNG00190620000
040 ## - Източник на каталожния запис
Идентификатор на билиотеката - собственик на записа BLK
041 ## - Код за език
Код за езика на текст/звукозапис или на отделно заглавие Български
Код за езика КДБФ Български
080 ## - УДК
Текстов определител УДК История на България от Първата до Втората световна война
УДК код - определител по УДК 94(497.2)"1914/1939"
УДК определител
УДК - код + определител 94(497.2)"1914/1939"
100 1# - Редна дума - Автор
Автор Гоцев, Димитър Георгиев
Авторска отговорност първи автор
R(LIN) 364892
139 ## - Редно поле
Редна дума Гоцев, Димитър Георгиев
Авторски знак Гоц - Г 71
245 10 - Сведения за заглавието
Заглавие Младежките националноосвободителни организации на македонските българи 1919-1941
Подзаглавни данни Моногр.
Редно поле (дума) Димитър Георгиев Гоцев.
257 ## - Страна на издаване
Страна на създаване/издаване България
260 ## - Област на издателските данни
-- София
Име на издателя, разпространителя и проч. БАН
Година на издаване 1988
300 ## - Физическа характеристика
Страници 288 с.
Размери/Мащаб 25 см
380 ## - Жанр
Жанр История
500 ## - Общи забележки
Забележка 4 000 тир. - Рез. на рус., англ. ез. - Именен, геогр. показалец.
650 #4 - Допълнително описание по предмет – тема
Основно описание – тема или топоним Македонски въпрос
9 (RLIN) 242249
650 #4 - Допълнително описание по предмет – тема
Основно описание – тема или топоним Националноосвободително движение - Вардарска и Егейска Македония
9 (RLIN) 258157
650 #4 - Допълнително описание по предмет – тема
Основно описание – тема или топоним Младежки организации и движения - Вардарска и Егейска Македония - история
9 (RLIN) 258156
852 ## - Местоположение
Форматна сигнатура Цб 152129
856 4# - Електронен адрес и достъп
Електронен формат pdf - файл
Път до файла /url/
856 4# - Електронен адрес и достъп
Електронен формат pdf - файл
Път до файла /url/
942 ## - АРТИКУЛИ
Вид на библиотечния материал Книги
Скрит в OPAC Не
944 ## - СЪЗДАВАНЕ И РЕДАКЦИЯ на ЗАПИСА
Създаване/Редакция Създаване
Дата на регистрацията/редакция 19.09.2016
Служител, извършил регистрацията/редакцията Кети_Илиева
944 ## - СЪЗДАВАНЕ И РЕДАКЦИЯ на ЗАПИСА
Създаване/Редакция Редакция
Дата на регистрацията/редакция 19.09.2016
Служител, извършил регистрацията/редакцията Кети_Илиева
999 ## - СИСТЕМНИ КОНТРОЛНИ НОМЕРА
Koha biblionumber 181714
Koha biblioitemnumber 181714
Наличности
Код за отписване Код за изгубен артикул Източник на класификационната схема Код за повреда Коз за рестрикции Код за отдаване Артикулен № Име на библиотеката - собственик Име на библиотеката, в която се намира в момента Статус (Текущо местоположение) Дата на вписване в системата Местоположение - отдел Цена в лева Инвентарен номер Систематично азбучна сигнатура Баркод Номер на екземпляра Цена в евро Служебна бележка Служебен тип на артикула
  Не е изгубен Universal Decimal Classification Не е повреден без рестрикции ползва се в читалня 311295 Регионална библиотека "Любен Каравелов" Русе Регионална библиотека "Любен Каравелов" Русе Хранилище 1988-01-01 Хранилище 3.81 492867 Цб 152129 120000492867 1 1.95 Вид: Сф Дата: 01.01.1988 Книги
Изтеглен Не е изгубен Universal Decimal Classification Не е повреден без рестрикции заемане за дома 311296 Регионална библиотека "Любен Каравелов" Русе Регионална библиотека "Любен Каравелов" Русе Заемна - подръчен фонд 1988-01-01 Заемна - подръчен фонд 3.81 491631 П 94(497.2)"1901/1918"/Г 71 491631 2 1.95 Вид: Сф Дата: 01.01.1988 Дата инв: 08.02.2018 Бележки инв: П2018 Книги
Изтеглен Не е изгубен Universal Decimal Classification Не е повреден без рестрикции заемане за дома 311297 Регионална библиотека "Любен Каравелов" Русе Регионална библиотека "Любен Каравелов" Русе Заемна - подръчен фонд 1988-01-01 Заемна - подръчен фонд 2.00 641852 П 949.72.052/.053.2/Г 71 641852 3 1.02 Вид: Сф Дата: 01.01.1988 Дата инв: 16.02.2018 Бележки инв: П2018 Книги
Vip Innovations Ltd, Rousse, Bulgaria 2025